[Event "Corus"]
[Site "Wijk aan Zee"]
[Date "2005.01.18"]
[Round "4"]
[White "Van Wely, Loek"]
[Black "Polgar, Judit"]
[Result "1/2-1/2"]
[WhiteElo "2679"]
[BlackElo "2728"]
[Annotator "Stohl,I"]
[PlyCount "115"]
[EventDate "2005.01.15"]
[EventType "tourn"]
[EventRounds "13"]
[EventCountry "NED"]
[EventCategory "19"]
[SourceTitle "CBM 105"]
[Source "ChessBase"]
[SourceDate "2005.04.11"]
[SourceVersion "1"]
[SourceVersionDate "2005.04.11"]
[SourceQuality "1"]

1. c4 c5 2. Nf3 Nf6 3. Nc3 Nc6 4. g3 d5 5. d4 e6 6. cxd5 Nxd5 7. Bg2 cxd4 8.
Nxd4 Nxc3 9. bxc3 Nxd4 10. Qxd4 Qxd4 11. cxd4 Bb4+ {Further simplification
helps the defender. A beutiful technical display was} (11... Bd6 $143 12. O-O
Rb8 13. e4 O-O 14. e5 Be7 15. Be3 Bd7 16. Rfc1 Rfc8 17. Rxc8+ Bxc8 18. Rc1 Kf8
19. Bh3 $5 (19. d5 $14) 19... Ke8 20. d5 Bd7 21. d6 Bd8 22. Bg2 b6 23. f4 Rc8
24. Kf2 Rxc1 25. Bxc1 Bb5 26. Be4 h6 27. Be3 Kd7 28. Ke1 Bc6 29. Bd3 Bd5 30. a3
$16 {and White gradually converted his permanent advantage:} f6 31. Kd2 fxe5
32. fxe5 Kc6 33. Kc3 Bf3 34. Bc4 Bd5 35. Ba6 Bf3 36. Kd4 Bd5 37. a4 Bb3 38.
Bb5+ Kb7 39. Bd7 Bd5 40. Kc3 Ba2 41. Kb4 Bd5 42. h4 Ba2 43. Bd2 Bd5 44. Bc1 Ba2
45. Kc3 Bd5 46. Ba3 Ba2 47. Be8 Bd5 48. d7 Bc6 49. Bf8 Bxa4 50. Bxg7 Kc7 51.
Bxh6 Bxd7 52. Bf7 Kc6 53. h5 Kd5 54. Bg7 Bg5 55. g4 Ke4 56. h6 Bxh6 57. Bxh6
Kxe5 58. g5 Kf5 59. g6 Kf6 60. Bg5+ Kg7 61. Kd4 Ba4 62. Ke5 Bc2 63. Bf6+ Kf8
64. Kf4 {Kramnik,V-Lautier,J/Horgen/1995/}) 12. Bd2 Bxd2+ 13. Kxd2 Ke7 {
[%mdl 4352] Black has managed to reach an _|_ as early as move 13, but still
has to defend carefully - White has more [+]() and a lead in development. On
the other hand his edge is very small and due to the simplified nature of the
position most games in this line result in draws.} ({The alternatives are} 
13... Kd8 14. Rab1 $5 (14. Rhc1 Re8 15. Rc5 (15. Rc3 Re7 16. Rac1 Rb8 17. f4 b6
18. g4 h6 19. g5 hxg5 20. fxg5 Bb7 21. Bxb7 Rexb7 22. h4 g6 23. h5 gxh5 24. Rh1
Ke7 25. Rxh5 {Navara,D-Alekseev,E/Lausanne YM/2004/} Rd7 26. e3 e5 $132 {/=})
15... Rb8 (15... Re7 16. Rac1 Rb8 17. g4 h6 18. Rh5 Bd7 19. h4 b6 20. g5 hxg5
21. hxg5 g6 22. Rh8+ Re8 23. Rh7 Re7 24. Ke3 Rc8 25. Rxc8+ Kxc8 26. Kf4 $16 {
Nielsen,P-Golod,V/EU-ch 5' Panormo/2002/}) 16. Ra5 a6 17. Rb1 b6 18. g4 h6 19.
h4 Re7 20. e3 (20. f4 $1 $14) 20... Kc7 21. Ra3 e5 22. Rc1+ Kd8 23. dxe5 Rxe5
24. Rd3+ {1/2-1/2 Christiansen,L-Ribli,Z/Germany 1994/GER-chT (41)} Ke8 $5 $11
{Ribli}) 14... Rb8 15. Rb3 b6 16. Ra3 Bb7 17. e4 Ra8 18. g4 h6 19. h4 Ke7 20.
Rc1 Rhd8 21. Ke3 Rd7 22. Bf1 (22. f4 $5 {/\} f5 23. gxf5 exf5 24. d5 $1 fxe4
25. Bh3 $16) 22... Rc8 23. Rxc8 Bxc8 24. Rc3 Kd8 25. f4 Bb7 26. f5 $36 {
Tukmakov,V-Sax,G/Pula op/1999/}) ({Probably a more accurate version of this
defensive set-up is} 13... Rb8 $5 {[%cal Yb7b6,Yc8b7] /\b6,Bb7} 14. Rhc1 Kd8
15. Rc3 Re8 16. Ra3 a6 17. f4 Re7 18. g4 Rd7 19. Ke3 b5 20. g5 Rb6 21. Be4 Rbd6
22. Rc1 Bb7 23. Bxb7 Rxb7 24. Ke4 Rbd7 25. Rd1 Rc6 26. Rd2 h6 $1 27. h4 (27.
gxh6 f5+ $11) 27... hxg5 $11 {Chernin,A-Sax,G/HUN-ch Budapest/1997/}) 14. Rhc1
Rd8 15. Rc4 {A rare move, White mostly played} (15. Rc7+ Rd7 16. Rac1 Kd8 17.
Rxd7+ Kxd7 18. g4 (18. f4 Rb8 19. d5 (19. e4 b6 20. Ke3 Bb7 21. Bh3 Kd8 $1 (
21... Rc8 $2 22. Rxc8 Bxc8 23. d5 Kc7 24. e5 $1 $16 {Benko,P-Donner,J/Wijk aan
Zee/1970/}) 22. f5 Rc8 $11) 19... exd5 20. Bxd5 f6 21. e4 Kd6 22. Ke3 Bd7 23.
Kd4 Rc8 24. e5+ fxe5+ 25. fxe5+ Ke7 26. Rxc8 Bxc8 27. Kc5 Be6 $11 {Huzman,
A-Psakhis,L/Haifa act/2000/}) 18... h6 19. f4 Rb8 20. g5 hxg5 (20... b6 $5 21.
gxh6 gxh6 22. Rc3 Bb7 23. Bxb7 Rxb7 24. Rh3 Rc7 25. Rxh6 Rc4 26. Rh3 Rxd4+ $2 (
26... Ra4 $1 27. a3 Rxd4+ $11) 27. Rd3 $1 $18 {Kramnik,V-Lautier,J/Beograd/
1995/}) 21. fxg5 b6 22. h4 g6 23. Ke3 (23. Bc6+ Kd6 24. Be8 Ke7 25. Bb5 a6 26.
Bd3 Kd6 27. Rf1 Ke7 28. Rc1 Kd6 {1/2-1/2 Volke,K-Farago,I/Budapest 2004/CBM
100 ext (28)}) 23... Ba6 24. Bf3 Rh8 25. Rh1 Bc4 26. Kf4 b5 $132 {Psakhis,
L-Zilberman,Y/Ramat Aviv/1998/}) 15... Rd7 ({Black could have saved tempi with
} 15... Rd6 $5 16. Rac1 Kd8 17. Ke3 Rb8 18. g4 h6 19. h4 Bd7 20. g5 Ra6 21.
gxh6 gxh6 22. R1c2 Rc8 23. Rxc8+ Bxc8 24. Kf4 Ra5 25. e4 f6 26. e5 fxe5+ 27.
dxe5 Ra4+ 28. Kg3 b6 $11 {Vaganian,R-Bauer,C/Bundesliga 9798/1998/}) 16. a4 Rb8
17. a5 Kd8 $1 18. Rac1 Rd6 19. f4 Ra6 20. Rc5 b6 21. axb6 (21. Rc7 Bd7 22. axb6
axb6 $11 {[%cal Yb8c8] /\Rc8}) 21... axb6 22. Rh5 {Just as in the previous
examples, White can't achieve progress solely on the <<, so he tries to create
some targets on the other flank. However, Polgar remains alert.} h6 23. g4 Ra2+
24. Ke3 (24. Rc2 Rxc2+ 25. Kxc2 Ba6 $132) 24... Bb7 $11 {Forces the exchange
of B and finally achieves equality.} 25. Bxb7 Rxb7 26. g5 hxg5 27. fxg5 g6 28.
Rh8+ Ke7 29. Rcc8 Rd7 30. Rhe8+ Kd6 31. Rb8 Rb2 32. Kd3 Rb3+ 33. Ke4 (33. Kc4
Rb2 34. e4 Rc7+ $11) 33... Rb2 34. e3 Kc6 (34... Rxh2 $6 35. Rxb6+ Kc7 36. Reb8
$36 {needlessly gives White extra chances.}) 35. h4 Rh2 36. Rec8+ Kb5 $5 (36...
Rc7 37. Rxc7+ Kxc7 38. Rf8 (38. Rh8 Kd6 $11) 38... Rxh4+ 39. Ke5 Rh7 40. e4 $44
) 37. Rd8 (37. Rh8 $5 {keeps more tension in the position, although a draw is
the most likely result after} Rh3) 37... Rxh4+ 38. Ke5 Rxd8 39. Rxd8 Kc4 {
Now Black's R will be passive and the defence requires some accuracy.} (39...
Rh3 $142 $5 40. e4 Kc6 $11) 40. Kf6 Rh7 (40... Re4 41. Kxf7 Rxe3 42. Kxg6 $16)
41. e4 b5 42. d5 exd5 43. exd5 Kc5 44. d6 Kc6 45. Ke7 (45. d7 Rh1 $1 (45... Kc7
$2 46. Rb8 Kxd7 47. Rxb5 $16 {/+- Black's R remains passive and this gives
White winning chances.}) 46. Kxf7 (46. Rb8 Kxd7 47. Rxb5 Rf1+) 46... Rd1 47.
Ke6 Re1+ 48. Kf6 Rd1 49. Kxg6 Rxd7 $11) 45... Kd5 $1 (45... f5+ $2 46. Ke6 $18)
46. Kf6 (46. d7 f5+ 47. Kf6 Kd6 48. Kxg6 Rxd7 $11) 46... Kc6 47. Ke5 b4 48.
Rc8+ Kd7 49. Rc7+ Kd8 50. Kd5 (50. Rb7 $4 f6+ $19) 50... Rh2 $1 {Once again
activating the R saves the day.} (50... b3 51. Rb7 Rh3 $11) 51. Rxf7 b3 52. Rb7
b2 53. Ke6 Re2+ 54. Kf6 Rd2 55. d7 Rd6+ $1 (55... Rxd7 $2 56. Rb8+ $1 Kc7 57.
Rxb2 Rd6+ 58. Kf7 $18) 56. Ke5 $8 Rxd7 57. Rxb2 Ke7 58. Rb6 (58. Rh2 Rd1 59.
Rh7+ Kf8 $11) (58. Rb6 Kf7 $11) 1/2-1/2

[Event "EU-ch 2nd"]
[Site "Ohrid"]
[Date "2001.06.10"]
[Round "9"]
[White "Pigusov, Evgeny"]
[Black "Zelcic, Robert"]
[Result "1-0"]
[WhiteElo "2584"]
[BlackElo "2503"]
[Annotator "Tsesarsky,I"]
[PlyCount "69"]
[EventDate "2001.06.01"]
[EventType "swiss"]
[EventRounds "13"]
[EventCountry "YUG"]
[SourceTitle "CBM 084"]
[Source "ChessBase"]
[SourceDate "2001.09.13"]
[SourceVersion "1"]
[SourceVersionDate "2001.09.13"]
[SourceQuality "1"]

1. Nf3 Nf6 2. c4 c5 3. g3 d5 4. Bg2 (4. cxd5 {-mainline.}) 4... Nc6 ({I would
prefer} 4... dxc4 $132 {with convenient play in Catalan opening.}) 5. cxd5 Nxd5
6. Nc3 e6 7. O-O $1 {Right moves order.} (7. d4 {met by} Ndb4 $1) 7... Be7 8.
d4 O-O 9. e4 Nb6 10. dxc5 Qxd1 11. Rxd1 Bxc5 12. e5 ({Variation} 12. Bf4 $5 f6
{became popular in 2000-2001.}) 12... Nc4 {This continuation looks better than
another:} (12... Bb4 {Favorite Dlugy's continuation.} 13. Bf1 (13. Bf4 {
-see commented game  1/2-1/2 Alburt,L-Dlugy,M/USA-ch 1989/CBM 19/[Ftacnik,L] 
(58)}) 13... Bxc3 14. bxc3 Bd7 15. Be3 (15. Rb1 $14 {1/2-1/2 Smejkal,J-Dlugy,M/
Moscow 1989/TD (19)}) 15... Nd5 16. Bc5 Rfd8 17. c4 Nde7 18. Rab1 b6 19. Bd6
$14 {1-0 Thorsteins,K-Dlugy,M/New York 1989/CBM 12 (23)}) (12... Bd7 13. Ne4
Be7 14. Be3 Rfd8 15. Bc5 Nd5 16. Bxe7 Ncxe7 17. Nd6 Rab8 18. Ng5 $14 {1/2-1/2
Akesson,R-Nielsen,P/Stockholm 1993/EXT 2000 (34)}) 13. Na4 $5 {Black equalized
in the next games:} (13. Ne4 Be7 14. Nd6 (14. b3 N4xe5 15. Nxe5 Nxe5 16. Bb2
Nc6 17. Rac1 $44 {1/2-1/2 Klovsky,R-Gofshtein,L/Yerevan 1981/MCD (22)}) 14...
N6xe5 15. Nxe5 Nxd6 16. Bd2 f6 17. Bb4 Nf5 18. Bxe7 Nxe7 19. Nd7 Re8 20. Rac1
Nd5 21. Nc5 Rb8 22. Nxe6 Bxe6 23. Bxd5 Bxd5 24. Rxd5 Re7 $11 {1/2-1/2 Topalov,
V-Lautier,J/Monte Carlo 1998/CBM 63 ext (37)}) (13. Re1 Nb4 14. Re4 Nb6 15. Be3
Bxe3 16. Rxb4 Bc5 17. Rb5 Be7 18. Rd1 Nc4 (18... Rb8 19. Rb3 Rd8 20. Rxd8+ Bxd8
21. Nb5 Bd7 $132 {1/2-1/2 Petursson,M-Belkhodja,S/Thessaloniki 1984/EXT 97-B 
(69)}) 19. Ne2 a6 20. Rb3 Ra7 21. Rc3 b5 22. b3 Nb6 23. Nfd4 Rd7 24. Rdc1 $132
{1/2-1/2 Quinteros,M-Razuvaev,Y/Novi Sad 1982/MCD (35)}) 13... Be7 (13... Bb4
14. Bf4 Rb8 15. Rac1 b5 16. b3 N4a5 17. Nc3 (17. Nc5 Ba3 18. Rc2 Nb4 19. Rcd2
Nd5 20. Rc2 Rb6 (20... Nb4 21. Rcd2 Nd5 $11) 21. Nd4 Nxf4 22. gxf4 Rd8 $132 {
1-0 Eberspaecher,M-Schlamp,R/Weilburg 1996/EXT 97 (56)}) 17... Ba3 18. Rc2 Ba6
19. Ne4 $14) 14. Bf4 Nb6 $2 $146 {This novelty's disadvantage is clear:
doubled weak PP b6 and b7. Opened line a will not bring to Black nothing.} ({
Much better another already tested continuations:} 14... f6 15. Re1 $5 (15.
Rac1 N4xe5 16. Nxe5 Nxe5 (16... fxe5 17. Be3 Nd4 18. Bxd4 exd4 19. Rxd4 Bf6 20.
Rdd1 Rb8 21. b3 Rd8 22. Nc5 Kf8 23. Rxd8+ Bxd8 24. Bh3 Bb6 25. Nxe6+ Bxe6 26.
Bxe6 $16 {1-0 Barreras,A-Sieiro Gonzalez,L/Cienfuegos 1976/EXT 2000 (57)}) 17.
Bxe5 (17. Nc5 Rb8 18. Ne4 Rd8 19. Rxd8+ Bxd8 20. Rd1 Be7 $44 {0-1 Rotstein,
A-Belkhodja,S/Warsaw 1989/EXT 97 (61)}) 17... fxe5 18. Nc5 Bg5 19. Rc2 Rb8 20.
Bh3 Rd8 21. Rxd8+ Bxd8 22. Bxe6+ Bxe6 23. Nxe6 Bb6 $11 {1/2-1/2 Ivanchuk,V-Xu
Jun/Shenyang 2000/CBM 79 no vc (34)}) (15. b3 N4xe5 16. Nxe5 fxe5 17. Be3 Nd4
18. Nc3 Nc2 19. Rac1 Nxe3 20. fxe3 Bc5 21. Rd3 Bd7 22. Bxb7 Rab8 23. Be4 $132 {
0-1 Vadasz,L-Hmadi,S/Budapest 1996/CBM 52 ext (33)}) 15... N4xe5 16. Bxe5 fxe5
17. Nxe5 Nxe5 18. Rxe5 $14 {[%csl Rb7,Re6][%cal Gg2b7] 1-0 Stean,M-Bjerke,R/
Gausdal 1982/MCL (38)}) (14... Rb8 15. b3 N4a5 (15... Na3 16. Rac1 Nb4 17. Bd2
Nbc2 18. Bg5 Bxg5 19. Nxg5 Nb4 20. Rd2 b6 21. Rc7 $14 {1/2-1/2 Huzman,
A-Magerramov,E/Baku 1988/CBM 10 (42)}) 16. Nc3 b6 17. Ne4 $14 (17. Nb5 Ba6 18.
Nfd4 Nxd4 19. Nxd4 Rfd8 $11 {1/2-1/2 Renet,O-Petursson,M/Thessaloniki 1988/TD 
(38)})) 15. Nxb6 axb6 {[%csl Rb6,Rb7][%cal Gg2b7]} 16. Nd4 $1 (16. a3 b5 $14)
16... Nxd4 17. Rxd4 g5 (17... f6 18. exf6 Bxf6 19. Rb4 $16) 18. Bd2 (18. Be3 f6
19. exf6 Bxf6 20. Rb4 $16) 18... f6 19. exf6 Bxf6 20. Rb4 Be7 21. Rb3 Bc5 22.
Be3 Ra5 23. a3 $1 {Strong and simple prophilactic move.} Bxe3 24. fxe3 $1 $18 (
{White can keep an advantage also by} 24. Rxe3 Rc5 25. Rb3 Rc2 26. Rf1 $16 {
[%csl Rb6] but the move in the game is stronger!}) 24... Rc5 25. Rxb6 Rd8 (
25... Rc7 26. Rd1 $18) 26. a4 $1 (26. Bxb7 $2 Bxb7 27. Rxb7 Rc2 $44) (26. Bf3
$18 {[%cal Ga1d1]}) 26... Rd2 ({More stubborn is passive} 26... Rc7 {but here
Black hasn't any counterplay and White eventually will win this position...})
27. a5 Rcc2 {Black RR occupied the second line, but it is not dangerous: White
B protect on g2 square and Black can't disturb White K. In other hand , white
PP promotion on the queenside is real threat.} 28. Be4 {[%csl Gg2][%cal Gb2b4]}
Rc4 ({Or} 28... Rxb2 29. Rxb2 Rxb2 30. Rd1 $18 {[%csl Rc8] because of weak Bc8.
}) 29. Bh1 $1 {Here it is difficult for Black to attack Bh1!} Rcc2 30. b4 Rc3
31. Rxb7 $1 {[%csl Ga5,Gb4][%cal Ga5a6,Gb4b5] The simpliest way to win.} Rdc2 (
31... Bxb7 32. Bxb7 Rc7 33. a6 $18) 32. Rb8 Kg7 33. Be4 Rb2 34. b5 Rxe3 35. Bc6
1-0

[Event "RUS-ch"]
[Site "Krasnodar"]
[Date "2002.08.27"]
[Round "1"]
[White "Popov, Valerij"]
[Black "Cherniaev, Alexander"]
[Result "1-0"]
[WhiteElo "2579"]
[BlackElo "2509"]
[Annotator "Tsesarsky,I"]
[PlyCount "65"]
[EventDate "2002.08.27"]
[EventType "swiss"]
[EventRounds "9"]
[EventCountry "RUS"]
[SourceTitle "CBM 091"]
[Source "ChessBase"]
[SourceDate "2002.11.12"]
[SourceVersion "1"]
[SourceVersionDate "2002.11.12"]
[SourceQuality "1"]

1. Nf3 Nf6 2. c4 e6 3. Nc3 c5 4. g3 Nc6 5. Bg2 d5 6. cxd5 Nxd5 7. O-O Be7 8. d4
O-O 9. Rb1 {[%cal Gd5c3,Gb2c3,Gb1b7] This move's idea is to put Ra1 to active
position after NN exchange on square c3.} cxd4 ({Black has wide choice of
continuations:} 9... Re8 10. dxc5 Bxc5 11. Qc2 Ncb4 12. Qb3 Qe7 13. a3 Nxc3 14.
Qxc3 Na2 15. Qc4 Nxc1 16. Rbxc1 Bd6 17. Rfd1 Rd8 18. h4 h6 19. Qe4 Rb8 20. Qd4
b6 $11 {1/2-1/2 Kalinitschew,S-Magerramov,E/Warsaw 1989/EXT 97 (32)}) (9... Nb6
10. dxc5 Bxc5 11. Bf4 Qe7 12. Ne4 e5 13. Bg5 f6 14. Nxc5 Qxc5 15. Be3 Qb5 16.
Qc2 {1/2-1/2 Lalic,B-Turner,M/Millfield 2000/CBM 77 ext (16)}) (9... b6 $6 {
Too passive.} 10. dxc5 Bxc5 11. Nxd5 exd5 12. Bg5 Qe8 13. a3 Bf5 14. Rc1 Be4
15. b4 Bd6 16. Qd2 Ne5 17. Nxe5 Bxe5 18. f3 $1 (18. Bxe4 dxe4 $11 {0-1 Suba,
M-Har Zvi,R/Halkidiki GRE 2002/The Week in Chess 412 (31)}) 18... Bg6 19. f4
Bd6 20. f5 Bh5 21. f6 $16) (9... Qa5 10. Bd2 (10. dxc5 Nxc3 11. bxc3 Qxa2 12.
Be3 e5 13. Ng5 Rd8 14. Qb3 Qxb3 15. Rxb3 Na5 16. Rb4 f6 $15 {1-0 Cebalo,
M-Pinter,J/Taxco 1985/IZT (51)}) 10... Nxc3 11. Bxc3 Qxa2 12. e3 Rd8 13. Qe2
cxd4 14. Nxd4 Nxd4 15. Bxd4 $44 Qb3 16. Rbc1 Bd6 17. Qh5 e5 18. Bxe5 Bxe5 19.
Qxe5 Be6 20. h4 Rd7 $11 {1-0 Speelman,J-Alburt,L/Taxco 1985/IZT (51)}) (9... h6
10. Re1 (10. e4 Nb6 11. dxc5 Bxc5 (11... Qxd1 12. Rxd1 Bxc5 13. Bf4 f6 14. Rbc1
e5 15. Nd5 exf4 16. Rxc5 fxg3 17. hxg3 Bg4 18. Ne3 Be6 19. b3 $14 {(61, ru). 1/
2-1/2 Suba,M-Zaltsman,V/New York 1989/CBM 12 (42)}) 12. a3 (12. e5 $5) 12... a5
13. Qe2 e5 14. Rd1 Qf6 15. Be3 (15. Qb5 Bd4 16. Nd5 (16. Nxd4 Nxd4 17. Qf1 Bg4
18. Rd3 Rfd8 19. h3 Be6 $17 {0-1 Popov,V-Ruck,R/Panormo GRE 2002/The Week in
Chess 413 (42)}) 16... Nxd5 17. exd5 Bg4 18. Qe2 Ne7 19. h3 Bh5 20. g4 Bg6 21.
Ra1 Rfe8 $132) 15... Bxe3 16. Qxe3 {[%csl Rb6][%cal Ge3b6]} Nc4 17. Qc5 Be6 18.
b3 Rac8 19. bxc4 Nd4 20. Qxa5 Nxf3+ 21. Kh1 Nd4 22. Nd5 Bxd5 23. cxd5 Qxf2 $132
) (10. a3 cxd4 11. Nxd4 Nxd4 12. Qxd4 Bf6 13. Qc4 Nxc3 14. bxc3 Qa5 $11 {
This position is very similar to position in this game - see below. The
difference is in including a2-a3 and h7-h6 moves. This difference is
definitely in Black's favour.  1/2-1/2 Kolev,A-Pinter,J/Elista 1998/CBM 66 ext
(26)}) 10... Re8 11. e4 Nb6 12. dxc5 Bxc5 13. Qxd8 Rxd8 14. e5 Bb4 15. Bf1 Bd7
16. Bd2 Be8 17. a3 Be7 18. Rbd1 Na5 19. Nb5 $132 {1/2-1/2 Ivanchuk,V-Lautier,J/
Monte Carlo 1997/CBM 57 ext (24)}) (9... Bf6 {-mainline.}) 10. Nxd4 Nxd4 (10...
Nxc3 $6 11. bxc3 Qc7 12. Nxc6 bxc6 13. Qa4 Bd7 14. Rd1 Rab8 15. Be3 (15. Bf4 $2
e5 16. Be3 c5 17. Qc4 Be6 $11 {1/2-1/2 Velikov,P-Monier,R/Thessaloniki 1984/
EXT 97-B (30)}) 15... Rxb1 (15... c5 16. Rxd7 Rxb1+ 17. Bf1 Qe5 18. Rxe7 Qxc3
19. Re8 $18) 16. Rxb1 Ra8 17. Qa6 $16) (10... Ndb4 11. Nxc6 Nxc6 12. Qa4 Bd7
13. Rd1 Qc8 14. Be3 Rd8 15. Qb5 Be8 16. Rdc1 $14 {1/2-1/2 Farago,I-Sitnik,I/
Ljubljana 1999/EXT 2000 (63)}) 11. Qxd4 Bf6 12. Qc4 Nxc3 $2 $16 {Justifying
Ra1-b1 manoeuvre...} (12... Nb6 $142 13. Qb3 e5 14. Rd1 Qe8 15. Be3 $14) 13.
bxc3 {[%csl Rb7][%cal Gb1b7,Gg2b7] This position is in White's favour. White
has development advantage and strong pressure on the queenside.} Rb8 $6 $18 ({
White keeps his advantage in case of} 13... Qa5 14. Rd1 (14. Be3 Qxc3 15. Qxc3
Bxc3 16. Rfc1 Ba5 17. Bxb7 Bxb7 18. Rxb7 Bb6 19. Bxb6 axb6 20. Rc2 Rfb8 $11 {
1/2-1/2 De Kok,W-Belkhodja,S/Amsterdam 1985/MCD (25)}) 14... Rd8 15. Be3 Rxd1+
16. Rxd1 h6 17. Be4 a6 (17... Rb8 18. Qc5 Qxc5 (18... Qa4 19. Qd6 Be7 (19... g6
$2 20. Rd4 $1 Bxd4 21. Bxd4 {1-0 Ross,D-Saint Amand,P/Montreal 1996/EXT 99 (21)
}) 20. Qd8+ Bf8 21. Bf4 $16) 19. Bxc5 a6 20. Bd6 Ra8 21. c4 $16) 18. Qb3 Be7
19. c4 Qe5 20. Qc2 $16 {[%cal Gc4c5] Anyway it was much better than move in
the game...}) 14. Ba3 Re8 15. Rfd1 Qa5 16. Bd6 Ra8 {R had to retreat...} 17.
Rd3 a6 18. Bc7 Qa3 19. Bd6 Qa5 20. Bc7 $1 ({Premature is} 20. Bxb7 $2 Bxb7 21.
Rxb7 Rac8 22. Rc7 Rxc7 23. Bxc7 Qb5 24. Qxb5 axb5 25. Bd6 $14) 20... Qa3 21. h4
$22 {Zugzwang with a board full of material!} h6 22. Bd6 Qa5 23. Bc7 Qa3 24.
Be4 Be7 25. Bxb7 Bxb7 26. Rxb7 Rec8 27. Rd7 Qc1+ ({Or} 27... Bd6 28. Rxf7 $1
Qc1+ 29. Kg2 Kxf7 30. Bxd6+ $18) 28. Kg2 Bf6 29. Rxf7 $1 Qxc3 30. Qxe6 Kh8 31.
Bf4 Re8 32. Qg4 Qc4 33. Rxg7 1-0

[Event "Lasker Memorial op"]
[Site "Barlinek"]
[Date "2001.07.25"]
[Round "9"]
[White "Schmidt, Wlodzimierz"]
[Black "Abbasov, Farid"]
[Result "1-0"]
[WhiteElo "2438"]
[BlackElo "2426"]
[Annotator "Tsesarsky,I"]
[PlyCount "73"]
[EventDate "2001.07.19"]
[EventType "swiss"]
[EventRounds "10"]
[EventCountry "POL"]
[SourceTitle "CBM 085"]
[Source "ChessBase"]
[SourceDate "2001.11.13"]
[SourceVersion "1"]
[SourceVersionDate "2001.11.13"]
[SourceQuality "1"]

1. Nf3 c5 2. c4 Nf6 3. Nc3 d5 4. cxd5 Nxd5 5. d4 Nxc3 6. bxc3 e6 7. e4 cxd4 8.
cxd4 Nc6 9. Bc4 Bb4+ 10. Bd2 Qa5 11. Rb1 Bxd2+ 12. Qxd2 Ke7 $6 $16 {After this
mistake position of Black became difficult.} (12... O-O $142 13. d5 Qxd2+ 14.
Nxd2 Na5 15. dxe6 Bxe6 16. Bxe6 fxe6 17. Ke2 Rfd8 18. Rbc1 Rac8 19. f4 Kf8 20.
Nf3 Rxc1 21. Rxc1 Nc6 22. Ke3 $14 {1-0 Pribyl,J-Marcinkowski,K/Warsaw 1981/EXT
2000 (43)}) (12... b6 $142 13. d5 Qxd2+ 14. Kxd2 Na5 15. Bb5+ Ke7 16. Rhc1 $14
{1-0 Vegh,E-Stadtfeld,W/St Ingbert 1987/EXT 97 (24)}) (12... Qxd2+ $6 13. Kxd2
O-O 14. Rhc1 Rd8 15. Ke3 $16 {1-0 Panchenko,A-Plaum,S/Giessen 1995/GER (22)})
13. Bb5 (13. Ke2 $6 Qxd2+ 14. Kxd2 b6 15. Ke3 Bb7 16. Rbc1 $14 {1/2-1/2 Novak,
I-Luczak,A/Porabka 1986/EXT 97 (16)}) 13... Bd7 (13... Qxd2+ 14. Kxd2 Na5 15.
Rhc1 a6 16. Bd3 Bd7 17. Rc5 b5 18. a4 $16 {1/2-1/2 Pinter,J-Zelcic,R/Porec
1998/EXT 99 (49)}) 14. d5 Qxd2+ 15. Kxd2 Na5 (15... Nd8 16. Bxd7 (16. Rhc1 Bxb5
17. Rxb5 exd5 18. Rxd5 Ne6 19. Ke3 Rhc8 $11) 16... Kxd7 17. Ke3 Rc8 (17... exd5
18. Rhd1 Ke7 19. Rxd5 b6 20. Rbd1 $16) 18. Rhd1 exd5 19. Rxd5+ Ke7 20. Rb3 Rc7
21. Nd4 Ne6 22. Nb5 $16) 16. Bxd7 Kxd7 17. Ne5+ Ke7 18. d6+ Kf6 ({Loses} 18...
Ke8 19. Rhc1 Rd8 (19... f6 20. Nc4 Nxc4+ 21. Rxc4 $18) 20. Ke3 f6 21. Nc4 Nxc4+
22. Rxc4 $18) 19. Rb5 b6 20. f4 {threatening mate in two moves.} h5 (20... Rhd8
$4 21. Ng4+ {1-0 Schmidt,W-Kubien,J/Copenhagen 1991/TD (21) Sometimes this
trap works...}) 21. g4 $5 ({Clear advantage reaches White after} 21. Nd7+ Kg6
22. Rg5+ Kh6 23. Ne5 Raf8 (23... f6 $4 24. Nf7+ Kh7 25. Rxh5+ $18) 24. g4 hxg4
25. Rxg4 {[%cal Gg4h4]} g6 26. f5 exf5 27. exf5 Kg7 28. fxg6 f6 29. Nf7 Rh5 {
[%cal Gh5d5]} 30. h4 $16) 21... g6 ({Loses by force} 21... hxg4 22. Nxg4+ Kg6
23. Ne5+ Kf6 (23... Kh7 24. Nxf7 $18) 24. Nd7+ Kg6 25. Rg1+ Kh6 (25... Kh7 26.
Nf6+ $1 $18) 26. Ne5 $18 {[%csl Rf7,Rh6][%cal Ge5g4,Ge5f7]}) 22. g5+ Kg7 23.
Rc1 ({Wins also} 23. d7 $1 Rhd8 24. Ke3 Kf8 25. f5 $1 exf5 26. exf5 gxf5 27.
Rf1 Ke7 28. Rxf5 {[%csl Rf7]} Rf8 29. Rd5 Rad8 30. Kd4 $18 {Domination!}) 23...
Rhd8 24. d7 Rab8 ({Or} 24... Nb7 {[%cal Gb7c5]} 25. Rc7 Nc5 26. Rbxc5 bxc5 27.
Nc6 $18) 25. Rxa5 $5 ({Or} 25. Rb4 Kf8 26. Rd4 Ke7 27. Rc7 $18) 25... bxa5 26.
Rc7 {[%cal Ge5c6]} Rb6 27. Rxa7 (27. Ke3 Kf8 28. Rxa7 h4 29. Rxa5 Rb7 30. Ra4
$18) 27... Rd6+ 28. Kc3 Rd1 29. h4 Rc1+ (29... f6 30. gxf6+ Kxf6 31. Rxa5 R1xd7
32. Nxd7+ Rxd7 33. a4 Rd1 34. Ra8 $18) 30. Kd4 a4 31. Rxa4 Rd1+ 32. Kc5 R8xd7
33. Nxd7 Rxd7 34. Rb4 (34. Rd4 $18) 34... Rd8 35. a4 Rc8+ 36. Kd6 Ra8 37. Kc7 {
Black had to repair his opening!} 1-0